| 000 | 01374nam0a22002891 4500 | ||
|---|---|---|---|
| 001 | rc\3230450 | ||
| 005 | 20130115141501.2 | ||
| 021 |
_aRU _b[70-45744] |
||
| 035 | _a(NLR Aleph) 007470982 | ||
| 090 |
_a7416159 _c7416159 |
||
| 100 | _a20130115d1970 |||y0rusy50 ca | ||
| 101 | 0 | _arus | |
| 102 | _aRU | ||
| 105 | _aa z ||||| | ||
| 200 | 1 |
_aОпыт разработки и внедрения НОТ на промышленном предприятии _fЛенингр. организация о-ва "Знание" РСФСР. Ленингр. дом науч.-техн. пропаганды |
|
| 210 |
_aЛенинград _cБ. и. _d1970 |
||
| 215 |
_a32 с. _cчерт. _d22 |
||
| 225 | 1 | _aСерия "Экономика, планирование и научная организация производства и труда" | |
| 532 | 1 | 2 | _aОпыт разработки и внедрения научной организации труда на промышленном предприятии |
| 606 |
_aПромышленные предприятия _xОрганизация труда _2psbo |
||
| 700 | 1 |
_aЕршова _bА. С. _gАнтонина Степановна |
|
| 701 | 1 |
_aПтуха _bЕ. В. _gЕвгений Витальевич |
|
| 801 | 0 |
_aRU _bNLR _gpsbo |
|
| 801 | 1 |
_aRU _bELAR _2rusmarc |
|
| 852 |
_aNLR _j70-6/3616 |
||
| 942 | _cBOOK | ||
| 980 | _aNB | ||